Central Library OPAC University of Rajshahi

Realms and islands: (Record no. 23281)

MARC details
000 -LEADER
fixed length control field 01075cam a22002771 4500
001 - CONTROL NUMBER
control field 23281
003 - CONTROL NUMBER IDENTIFIER
rucl marc code BD-RjUL
005 - DATE AND TIME OF LATEST TRANSACTION
control field 20211209000919.0
008 - FIXED-LENGTH DATA ELEMENTS--GENERAL INFORMATION
fixed length control field 140310s1962 xx 001 0 eng
035 ## - SYSTEM CONTROL NUMBER
System control number (BD-RjUL)23346
System control number (OCoLC)1329303
040 ## - CATALOGING SOURCE
Original cataloging agency DLC
Transcribing agency FO
Modifying agency OCoLC
-- Uk
-- DLC
-- BD-RjUL
Language of cataloging eng
041 ## - LANGUAGE CODE
Language code of text/sound track or separate title eng
082 ## - DEWEY DECIMAL CLASSIFICATION NUMBER
Classification number 910.41
Author mark and year BAR
100 1# - MAIN ENTRY--PERSONAL NAME
Personal name Bassett, Marnie Masson,
Dates associated with a name 1889-
9 (RLIN) 71765
245 10 - TITLE STATEMENT
Title Realms and islands:
Remainder of title the world voyage of Rose de Freycinet in the corvette Uranie, 1817-1820,from her journal and letters and the reports of Louis de Saulces de Freycinet, capitaine de corvette /
Statement of responsibility, etc. by Marnie Bassett.
260 ## - PUBLICATION, DISTRIBUTION, ETC. (IMPRINT)
Place of publication, distribution, etc. London ;
-- New York :
Name of publisher, distributor, etc. Oxford University Press,
Date of publication, distribution, etc. 1962.
300 ## - PHYSICAL DESCRIPTION
Pagination 275 p. :
Illustrations illus. ;
Size 23 cm.
610 20 - SUBJECT ADDED ENTRY--CORPORATE NAME
Corporate name or jurisdiction name as entry element Uranie (Corvette)
650 #0 - SUBJECT ADDED ENTRY--TOPICAL TERM
Topical term or geographic name as entry element Voyages around the world
General subdivision History
Chronological subdivision 19th century.
9 (RLIN) 71767
700 1# - ADDED ENTRY--PERSONAL NAME
Personal name Freycinet, Rose Marie Pinon de,
Dates associated with a name 1794-1832.
Personal name Freycinet, Louis Claude Desaulses de,
Dates associated with a name 1779-1842.
942 ## - ADDED ENTRY ELEMENTS (KOHA)
Source of classification or shelving scheme Dewey Decimal Classification
Koha item type Books
Holdings
Lost status Source of classification or shelving scheme Damaged status Not for loan Collection code Permanent Location Current Location Shelving location Date acquired Source of acquisition Cost, normal purchase price Total Checkouts Full call number Date last seen Copy number Koha item type
  Dewey Decimal Classification   Added to bundle Non-fiction Central Library, University of Rajshahi Central Library, University of Rajshahi Reading Room 14/05/1975 B.N.B.C. 0.00   910.41 BAR 1962 10/03/2014 C-1 Books